Načítá se...
Vaidyarathnam oushadha nighandu (Grahyaamsam atangiyathu)
| Hlavní autor: | |
|---|---|
| Médium: | Printed Book |
| Vydáno: |
Kunnamkulam, Panchangam pusthakasala
1990
|
| LEADER | 004950000a22001330004500 | ||
|---|---|---|---|
| 040 | |a MAL | ||
| 082 | |a 615.530 3 32 N0;1 | ||
| 100 | |a Sankaran Nampoothiripadu, Kanipayyoor; Ed | ||
| 245 | |a Vaidyarathnam oushadha nighandu (Grahyaamsam atangiyathu) | ||
| 260 | |a Kunnamkulam, Panchangam pusthakasala | ||
| 260 | |c 1990 | ||
| 465 | |a R 140 | ||
| 999 | |c 29098 |d 29098 | ||
| 952 | |0 0 |1 0 |4 0 |6 615_530000000000000_3_32_N01 |7 0 |8 REF |9 28938 |a MGUL |b MGUL |d 2013-07-16 |e R 140 |l 0 |o 615.530 3 32 N0;1 |p 21698 |r 2013-07-16 |w 2013-07-16 |y REF | ||